[Event "GER-chT School WK GS"]
[Site "Playchess.com INT"]
[Date "2020.06.11"]
[Round "3.4"]
[White "Meree, Haidara"]
[Black "Seidel, Lukas"]
[Result "0-1"]
[WhiteElo "1370"]
[BlackElo "1428"]
[PlyCount "102"]
[EventDate "2020.06.11"]
[EventType "team-swiss (blitz)"]
[EventRounds "7"]
[EventCountry "GER"]
[SourceTitle "EXT 2021"]
[Source "ChessBase"]
[SourceDate "2020.10.23"]
[SourceVersion "1"]
[SourceVersionDate "2020.10.23"]
[SourceQuality "1"]
[WhiteTeam "Raesfeld NW"]
[BlackTeam "Weimar Th"]
[WhiteTeamCountry "GER"]
[BlackTeamCountry "GER"]

1. e4 e5 2. Qh5 g6 3. Qxe5+ Ne7 4. Qxh8 d5 5. Qxh7 dxe4 6. d3 exd3 7. cxd3 Nd5 8. Qh8 Ne7 9. Bh6 Ng8 10. Qxg8 Nc6 11. Qxf8+ Kd7 12. Qxf7+ Ne7 13. Bg5 Qe8 14. Qd5+ Nxd5+ 15. Be2 Nb4 16. Na3 b5 17. g4 Ba6 18. Nf3 Bb7 19. 0-0 Nd5 20. Nxb5 c6 21. Nbd4 c5 22. Rfe1 cxd4 23. Nxd4 Qe5 24. Be3 Nxe3 25. fxe3 Qxe3+ 26. Kf1 Qxd4 27. b3 Rf8+ 28. Bf3 Rxf3+ 29. Ke2 Re3+ 30. Kd2 Rxe1 31. Rxe1 Qb4+ 32. Kd1 Bf3+ 33. Re2 Bxe2+ 34. Kxe2 Ke6 35. Kf3 Ke5 36. h4 Qf4+ 37. Ke2 Qxg4+ 38. Kd2 Qxh4 39. Kc3 Qd4+ 40. Kd2 g5 41. Ke2 g4 42. a4 g3 43. Kf3 Qxd3+ 44. Kg2 Kf4 45. b4 Qd2+ 46. Kf1 Qb2 47. b5 g2+ 48. Kg1 Kf3 49. a5 Qf2+ 50. Kh2 g1Q+ 51. Kh3 Qfh2# 0-1